أحزاب المعارضة السياسية الدينية فى صدر الاسلام: (Record no. 15858)
[ view plain ]
| 000 -الفاتح | |
|---|---|
| حقل البيانات ثابتة الطول | 00907nam a22001817a 4500 |
| 008 - عناصر البيانات ثابتة الطول - معلومات عامة | |
| حقل البيانات ثابتة الطول | 110817t1968 xxu||||g |||| 000 0 ara d |
| 082 ## - رقم تصنيف ديوى العشرى | |
| رقم الطبعة | 22 |
| رقم التصنيف | 248 |
| رقم المادة | ف ل ه |
| 100 ## - المدخل الرئيسى - إسم شخصى | |
| 9 (RLIN) | 26763 |
| الإسم الشخصى | فلهوزن،يوليوس |
| 245 ## - بيان العنوان | |
| العنوان | أحزاب المعارضة السياسية الدينية فى صدر الاسلام: |
| بقية العنوان | الخوارج و الشيعة / |
| بيان المسئوليه,etc | تأليف يوليوس فلهوزن؛ترجمة عن الألمانية عبد الرحمن بدوى |
| 260 ## - PUBLICATION, DISTRIBUTION, ETC. (IMPRINT) | |
| مكان الناشر او الموزع | القاهرة: |
| اسم الناشر او الموزع | مكتبة النهضة المصرية،1968. |
| تاريخ النشر أو التوزيع | 1968. |
| 300 ## - الوصف المادى | |
| التعداد | 278ص، |
| أبعاد الوعاء | 24سم. |
| 490 ## - بيان السلسلة | |
| -- | 16364 |
| عنوان السلسلة | ؛دراسات اسلامية |
| -- | 22. |
| 650 ## - المدخل الاضافى بالموضوع-مصطلح موضوعى | |
| 9 (RLIN) | 16890 |
| مصطلح موضوعي أو اسم جغرافي كعنصر مدخل | الخوارج |
| 650 ## - المدخل الاضافى بالموضوع-مصطلح موضوعى | |
| 9 (RLIN) | 13293 |
| مصطلح موضوعي أو اسم جغرافي كعنصر مدخل | الشيعة |
| 653 ## - مصطلح تكشيفى غير مقيد | |
| Resource For college | |
| Arrived date list | August2011 |
| 942 ## - عناصر المدخل الإضافي( كوها) | |
| مصدر التصنيف او مخطط الترفيف | Dewey Decimal Classification |
| Koha [default] item type | Book - Borrowing |
| حالة التراجع | حالة الفقد | مصدر التصنيف او خطة الترفيف | حالة تلف | ليس للاعارة | مجموعات كوها | المكان الدائم | المكان الحالي | موقع الترفيف | تاريخ الاكتساب | Source of acquisition | رقم الاستدعاء | الباركود | Date last seen | مُعار | نوع الوعاء |
|---|---|---|---|---|---|---|---|---|---|---|---|---|---|---|---|
| Dewey Decimal Classification | Alef-Baa | Central Library | Central Library | Lower Floor | 17/08/2011 | Donation | 248 ف ل ه | 000024557 | 15/07/2025 | 28/04/2015 | Book - Borrowing |